[Event "RLP Seniors op 17th"]
[Site "Neustadt an der Weinstrasse"]
[Date "2019.07.27"]
[Round "8"]
[White "Zerweck, Christoph"]
[Black "Scholz, Herbert"]
[Result "1/2-1/2"]
[WhiteElo "1922"]
[BlackElo "1829"]
[PlyCount "73"]
[EventDate "2019.07.20"]
[EventType "swiss"]
[EventRounds "9"]
[EventCountry "GER"]
[SourceTitle "CBM 192 Extra"]
[Source "Chessbase"]
[SourceDate "2019.11.06"]
[SourceVersion "1"]
[SourceVersionDate "2019.11.06"]
[SourceQuality "1"]

1. e4 d5 2. exd5 Nf6 3. Bb5+ Nbd7 4. c4 a6 5. Ba4 b5 6. cxb5 Nxd5 7. Nc3 N7b6 8. Bb3 axb5 9. Nf3 c6 10. 0-0 Bg4 11. h3 Bh5 12. d4 e6 13. Ne4 Be7 14. Ng3 Bg6 15. Ne5 Rc8 16. Bc2 Nd7 17. Nxg6 hxg6 18. Re1 N7b6 19. Qf3 Bf6 20. Be3 Be7 21. Ne4 Rh5 22. Rad1 Rf5 23. Qe2 Rh5 24. Ng3 Rh4 25. Qf3 Bd6 26. Ne4 Be7 27. a3 Nd7 28. Bd2 N7f6 29. Bg5 Rh5 30. Bd2 Nd7 31. Ng3 Rh4 32. Ne4 f5 33. Ng3 Rxd4 34. Nf1 Kf7 35. Ba5 Rxd1 36. Bxd8 Rxe1 37. Bxe7 1/2-1/2

[Event "RLP Seniors op 17th"]
[Site "Neustadt an der Weinstrasse"]
[Date "2019.07.23"]
[Round "4"]
[White "Wolkenstein, Eckhardt"]
[Black "Scholz, Herbert"]
[Result "0-1"]
[WhiteElo "1616"]
[BlackElo "1829"]
[PlyCount "72"]
[EventDate "2019.07.20"]
[EventType "swiss"]
[EventRounds "9"]
[EventCountry "GER"]
[SourceTitle "CBM 192 Extra"]
[Source "Chessbase"]
[SourceDate "2019.11.06"]
[SourceVersion "1"]
[SourceVersionDate "2019.11.06"]
[SourceQuality "1"]

1. d4 d5 2. c4 c5 3. cxd5 Qxd5 4. Nc3 Qxd4 5. Qxd4 cxd4 6. Nb5 Na6 7. Nxd4 e5 8. Ndf3 Nb4 9. Kd1 f6 10. a3 Nc6 11. e3 Be6 12. Kc2 Rc8 13. Bb5 a6 14. Bxc6+ Rxc6+ 15. Kd2 Bc5 16. Ne2 Ne7 17. Rd1 Bb3 18. Re1 Kf7 19. Kc3 Be6 20. Kc2 Bxe3+ 21. Nc3 Bxf2 22. Re2 Ba7 23. Be3 Bxe3 24. Rxe3 Nd5 25. Rd3 e4 26. Ng5+ fxg5 27. Rf1+ Ke7 28. Rg3 h6 29. Kb1 Nxc3+ 30. bxc3 Rhc8 31. Kb2 Rf8 32. Re1 Rf2+ 33. Kc1 Bf5 34. Kd1 Rb6 35. Re2 Rf1+ 36. Kd2 Rb2+ 0-1

[Event "RLP Seniors op 17th"]
[Site "Neustadt an der Weinstrasse"]
[Date "2019.07.20"]
[Round "1"]
[White "Scholz, Herbert"]
[Black "Kelchner, Hans"]
[Result "0-1"]
[WhiteElo "1829"]
[BlackElo "2126"]
[PlyCount "80"]
[EventDate "2019.07.20"]
[EventType "swiss"]
[EventRounds "9"]
[EventCountry "GER"]
[SourceTitle "CBM 192 Extra"]
[Source "Chessbase"]
[SourceDate "2019.11.06"]
[SourceVersion "1"]
[SourceVersionDate "2019.11.06"]
[SourceQuality "1"]

1. d4 d5 2. Nc3 Bf5 3. f3 Nf6 4. g4 Bc8 5. Bf4 a6 6. e3 b6 7. h4 Bb7 8. h5 h6 9. Bg2 c5 10. Nge2 e6 11. Qd2 Nc6 12. 0-0-0 Na5 13. g5 hxg5 14. Bxg5 Nc4 15. Qe1 cxd4 16. Nxd4 Rc8 17. e4 Bb4 18. e5 Bxc3 19. bxc3 Qe7 20. Rd3 Qa3+ 21. Kd1 Nb2+ 22. Ke2 Nxd3 23. cxd3 Nd7 24. h6 g6 25. Bf6 Nxf6 26. exf6 Qb2+ 27. Qd2 Qxc3 28. Qxc3 Rxc3 29. Kd2 Ra3 30. Ke3 Rxa2 31. Bf1 e5 32. Ne2 d4+ 33. Kf2 Bc8 34. Bh3 0-0 35. h7+ Kh8 36. Bg4 Bxg4 37. fxg4 Rc8 38. Kf3 Rd2 39. Rc1 Rxc1 40. Nxc1 Rd1 0-1

[Event "Rheinland Pfalz op Seniors 16th"]
[Site "Neustadt an der Weinstrasse"]
[Date "2018.07.13"]
[Round "7"]
[White "Scholz, Herbert"]
[Black "Wawrinsky, Ludwig"]
[Result "1-0"]
[WhiteElo "1876"]
[BlackElo "1710"]
[PlyCount "97"]
[EventDate "2018.07.07"]
[EventType "swiss"]
[EventRounds "9"]
[EventCountry "GER"]
[SourceTitle "EXT 2019"]
[Source "ChessBase"]
[SourceDate "2018.10.10"]
[SourceVersion "1"]
[SourceVersionDate "2018.10.10"]
[SourceQuality "1"]

1. b3 b6 2. Bb2 Bb7 3. e3 e6 4. Nc3 Nf6 5. Nf3 d5 6. d4 c5 7. h3 Nbd7 8. g4 h6 9. Bg2 Rc8 10. 0-0 c4 11. Rc1 a6 12. Ne5 b5 13. bxc4 bxc4 14. Rb1 Nxe5 15. dxe5 Nd7 16. Ne2 Qc7 17. Bd4 Nxe5 18. Bxe5 Qxe5 19. Rxb7 Bc5 20. Qa1 Qg5 21. Nd4 0-0 22. Nf3 Qg6 23. Qc3 f6 24. Rfb1 Qe8 25. Qa5 Qc6 26. Nd4 Qd6 27. c3 g6 28. Qa4 Rfd8 29. Qc2 f5 30. Qe2 e5 31. Nc2 e4 32. gxf5 Qe5 33. Nd4 Bxd4 34. exd4 Qxf5 35. Qg4 Qf6 36. R1b6 Rc6 37. Rxc6 Qxc6 38. Re7 Rd6 39. Qf4 Rf6 40. Qxh6 Rf7 41. Rxf7 Kxf7 42. Qh7+ Kf6 43. Qh8+ Kf7 44. Qe5 a5 45. a3 Qb7 46. h4 Qd7 47. Kh2 Qd8 48. Qf4+ Kg7 49. Kg3 1-0

[Event "Rheinland Pfalz op Seniors 16th"]
[Site "Neustadt an der Weinstrasse"]
[Date "2018.07.10"]
[Round "4"]
[White "Prachar, Josef"]
[Black "Scholz, Herbert"]
[Result "1/2-1/2"]
[WhiteElo "1838"]
[BlackElo "1876"]
[PlyCount "50"]
[EventDate "2018.07.07"]
[EventType "swiss"]
[EventRounds "9"]
[EventCountry "GER"]
[SourceTitle "EXT 2019"]
[Source "ChessBase"]
[SourceDate "2018.10.10"]
[SourceVersion "1"]
[SourceVersionDate "2018.10.10"]
[SourceQuality "1"]

1. d4 d5 2. c4 c5 3. cxd5 Qxd5 4. Nf3 cxd4 5. Nc3 Qa5 6. Nxd4 e5 7. Ndb5 Nf6 8. Nd6+ Bxd6 9. Qxd6 Nc6 10. Bd2 Be6 11. Ne4 Nxe4 12. Qxc6+ bxc6 13. Bxa5 0-0 14. f3 Nf6 15. e4 a6 16. b3 Rfc8 17. Rc1 Nd7 18. Bc4 Bxc4 19. Rxc4 f6 20. Ke2 Kf7 21. Rhc1 Nb8 22. Rd1 Ke6 23. Rdc1 Ra7 24. b4 Rd7 25. Ke3 Ke7 1/2-1/2

[Event "Rheinland Pfalz op Seniors 16th"]
[Site "Neustadt an der Weinstrasse"]
[Date "2018.07.08"]
[Round "2"]
[White "Girbig, Joachim"]
[Black "Scholz, Herbert"]
[Result "0-1"]
[WhiteElo "1659"]
[BlackElo "1876"]
[PlyCount "60"]
[EventDate "2018.07.07"]
[EventType "swiss"]
[EventRounds "9"]
[EventCountry "GER"]
[SourceTitle "EXT 2019"]
[Source "ChessBase"]
[SourceDate "2018.10.10"]
[SourceVersion "1"]
[SourceVersionDate "2018.10.10"]
[SourceQuality "1"]

1. f4 d5 2. Nf3 g6 3. g3 Bg7 4. e3 c5 5. c3 Nc6 6. Bg2 Nf6 7. d3 0-0 8. 0-0 b5 9. Qe2 Qb6 10. Ne5 Rd8 11. Nd2 a5 12. Qf2 Ng4 13. Qf3 Ncxe5 14. fxe5 Nxe5 15. Qe2 Bf5 16. e4 dxe4 17. dxe4 Be6 18. Kh1 Rd3 19. Nf3 Rad8 20. Nxe5 Bxe5 21. Bf4 Bxf4 22. gxf4 Rd2 23. Qe3 R8d3 24. Qg1 Rxb2 25. f5 Bxa2 26. e5 Rdd2 27. Be4 Rxh2+ 28. Qxh2 Rxh2+ 29. Kxh2 Bc4 30. Rf2 Qc7 0-1

[Event "Schleswig Holstein-ch Seniors op 11th"]
[Site "Buesum"]
[Date "2017.09.16"]
[Round "9"]
[White "Wolke, Reimund"]
[Black "Scholz, Herbert"]
[Result "1-0"]
[WhiteElo "1979"]
[BlackElo "1873"]
[PlyCount "87"]
[EventDate "2017.09.08"]
[EventType "swiss"]
[EventRounds "9"]
[EventCountry "GER"]
[SourceTitle "EXT 2019"]
[Source "ChessBase"]
[SourceDate "2018.10.10"]
[SourceVersion "1"]
[SourceVersionDate "2018.10.10"]
[SourceQuality "1"]

1. e4 d5 2. exd5 Nf6 3. d4 Bg4 4. Nf3 Qxd5 5. Be2 Nc6 6. c4 Qf5 7. Be3 e6 8. 0-0 0-0-0 9. Nc3 Kb8 10. Qa4 Qa5 11. Qd1 Qf5 12. Qb3 Rg8 13. Rfd1 Bd6 14. h3 Bxf3 15. Bxf3 Na5 16. Qa4 b6 17. c5 Bf4 18. Bxf4 Qxf4 19. b4 Rxd4 20. Rxd4 Qxd4 21. Qa3 Nb7 22. Rd1 Qc4 23. Be2 Qf4 24. Qa6 c6 25. cxb6 axb6 26. Qxb6 Qc7 27. Qe3 Nd5 28. Nxd5 exd5 29. b5 Rd8 30. bxc6 Qxc6 31. Qg3+ Qc7 32. Qxg7 f5 33. Qb2 Rd7 34. Bf3 d4 35. Rxd4 Rxd4 36. Qxd4 Qc1+ 37. Kh2 Qc7+ 38. g3 Nd6 39. Qh8+ Ka7 40. Qd4+ Kb8 41. a4 Nc4 42. Qd5 Qb6 43. Qg8+ Kc7 44. Qxc4+ 1-0

[Event "Schleswig Holstein-ch Seniors op 11th"]
[Site "Buesum"]
[Date "2017.09.13"]
[Round "6"]
[White "Scholz, Herbert"]
[Black "Eberhardt, Michael"]
[Result "1-0"]
[WhiteElo "1873"]
[BlackElo "1763"]
[PlyCount "76"]
[EventDate "2017.09.08"]
[EventType "swiss"]
[EventRounds "9"]
[EventCountry "GER"]
[SourceTitle "EXT 2019"]
[Source "ChessBase"]
[SourceDate "2018.10.10"]
[SourceVersion "1"]
[SourceVersionDate "2018.10.10"]
[SourceQuality "1"]

1. b3 Nf6 2. Bb2 e6 3. e3 b6 4. Nf3 Bb7 5. c4 c5 6. Nc3 Be7 7. Be2 0-0 8. 0-0 Ne4 9. d4 cxd4 10. Nxd4 Nxc3 11. Bxc3 Bf6 12. Qc2 d5 13. Rfd1 Nd7 14. Rac1 Rc8 15. Nb5 Bxc3 16. Qxc3 Nf6 17. Nxa7 Ra8 18. Nb5 Rxa2 19. Bf3 Qb8 20. cxd5 Bxd5 21. Bxd5 Nxd5 22. Qd4 h6 23. e4 Nf4 24. Nc3 Rc8 25. Qe3 Ra5 26. g3 Ng6 27. f4 Nf8 28. Kg2 Qb7 29. Kf2 b5 30. b4 Ra3 31. Rd3 Rc4 32. Rd4 Rb3 33. Rxc4 bxc4 34. b5 Nd7 35. Qd4 Rb2+ 36. Ke3 Rxh2 37. Qxc4 Nf6 38. Qc6 Qd7 1-0

[Event "Schleswig Holstein-ch Seniors op 11th"]
[Site "Buesum"]
[Date "2017.09.12"]
[Round "5"]
[White "Goertz, Hans Georg"]
[Black "Scholz, Herbert"]
[Result "1-0"]
[WhiteElo "1998"]
[BlackElo "1873"]
[PlyCount "93"]
[EventDate "2017.09.08"]
[EventType "swiss"]
[EventRounds "9"]
[EventCountry "GER"]
[SourceTitle "EXT 2019"]
[Source "ChessBase"]
[SourceDate "2018.10.10"]
[SourceVersion "1"]
[SourceVersionDate "2018.10.10"]
[SourceQuality "1"]

1. d4 d5 2. Nf3 c5 3. e3 cxd4 4. exd4 Nc6 5. Be2 Bf5 6. a3 Qc7 7. Nc3 e6 8. 0-0 Nf6 9. Bd3 Bg4 10. Be3 a6 11. h3 Bh5 12. Be2 Bd6 13. Nd2 Bxe2 14. Qxe2 Bh2+ 15. Kh1 Bf4 16. Qf3 Bd6 17. Ne2 e5 18. Bg5 e4 19. Qb3 Qa5 20. Qc3 Nd7 21. b4 Qc7 22. Qb3 h6 23. Bh4 g5 24. Bg3 Ne7 25. c4 dxc4 26. Nxc4 Bxg3 27. Nxg3 f5 28. Rac1 Rc8 29. Nxf5 Nxf5 30. Nd6+ Nxd6 31. Rxc7 Rxc7 32. Qe6+ Kd8 33. Qxd6 Rc6 34. Qd5 Re8 35. Re1 Kc7 36. Rxe4 Rc1+ 37. Kh2 Re1 38. Rxe8 Rxe8 39. Qf7 Kd8 40. Qg6 Re2 41. Qxh6 Rxf2 42. Qxg5+ Rf6 43. h4 Kc7 44. h5 Rd6 45. h6 Nf6 46. Qg7+ Kc6 47. h7 1-0

[Event "GER-chB Seniors 29th"]
[Site "Berlin"]
[Date "2017.08.11"]
[Round "5"]
[White "Scholz, Herbert"]
[Black "Schefter, Juergen"]
[Result "1-0"]
[WhiteElo "1814"]
[BlackElo "1870"]
[PlyCount "103"]
[EventDate "2017.08.07"]
[EventType "swiss"]
[EventRounds "9"]
[EventCountry "GER"]
[SourceTitle "EXT 2019"]
[Source "ChessBase"]
[SourceDate "2018.10.10"]
[SourceVersion "1"]
[SourceVersionDate "2018.10.10"]
[SourceQuality "1"]

1. b3 e5 2. Bb2 d6 3. e3 Nc6 4. Bb5 Bd7 5. Nf3 Be7 6. 0-0 f5 7. d4 e4 8. Nfd2 Bf6 9. Nc3 Nge7 10. f3 a6 11. Bxc6 Bxc6 12. fxe4 fxe4 13. Ncxe4 Nd5 14. Nxf6+ Nxf6 15. c4 0-0 16. d5 Bd7 17. Rf4 Qe8 18. e4 Qg6 19. Qf3 Qg5 20. Rf1 Rfe8 21. Bxf6 gxf6 22. h4 Qh6 23. Qg3+ Kh8 24. Qf2 Rf8 25. Rxf6 Rxf6 26. Qxf6+ Qxf6 27. Rxf6 Kg7 28. Rf4 b5 29. Kf2 a5 30. Ke3 a4 31. Kd4 axb3 32. axb3 Ra2 33. Rf2 Kg6 34. e5 dxe5+ 35. Kxe5 Rb2 36. c5 Be8 37. g4 Rc2 38. c6 Rb2 39. Ke6 Ra2 40. Ke7 Ra8 41. Rf8 Bxc6 42. dxc6 Ra2 43. Rg8+ Kh6 44. Rd8 b4 45. Rd4 Ra6 46. Kd7 Ra7 47. Rxb4 Kg6 48. Rb7 Ra2 49. Nc4 Rg2 50. Kxc7 Rxg4 51. Ne5+ Kf6 52. Nxg4+ 1-0

[Event "GER-chB Seniors 29th"]
[Site "Berlin"]
[Date "2017.08.07"]
[Round "2"]
[White "Wiebke, Elfriede"]
[Black "Scholz, Herbert"]
[Result "0-1"]
[WhiteElo "1267"]
[BlackElo "1814"]
[PlyCount "88"]
[EventDate "2017.08.07"]
[EventType "swiss"]
[EventRounds "9"]
[EventCountry "GER"]
[SourceTitle "EXT 2019"]
[Source "ChessBase"]
[SourceDate "2018.10.10"]
[SourceVersion "1"]
[SourceVersionDate "2018.10.10"]
[SourceQuality "1"]

1. e4 d5 2. Bd3 e5 3. Nf3 Bg4 4. 0-0 Nf6 5. h3 Bh5 6. Qe1 Bxf3 7. gxf3 d4 8. c3 c5 9. Bb5+ Nc6 10. d3 Nh5 11. Kh2 Bd6 12. cxd4 cxd4 13. Bxc6+ bxc6 14. Rg1 a5 15. a4 Qd7 16. Rg4 f5 17. exf5 Qxf5 18. Qe4 Qxe4 19. fxe4 0-0 20. Rg2 Rf3 21. Nd2 Rxd3 22. Nc4 Bc7 23. Bh6 Kf7 24. Bg5 h6 25. Bd2 Nf4 26. Bxf4 exf4 27. Re1 g5 28. e5 Ke6 29. h4 Rh8 30. Rg4 Kd5 31. Na3 Bxe5 32. Nc2 Rd2 33. Rxe5+ Kxe5 34. Ne1 Kf5 35. Rg2 g4 36. b3 Rb8 37. f3 Rxg2+ 38. Kxg2 g3 39. Nd3 Rxb3 40. Nc5 Rb2+ 41. Kf1 Rf2+ 42. Kg1 Rxf3 43. Kg2 Rc3 44. Nb7 f3+ 0-1

[Event "Schleswig Holstein-ch Seniors op 10th"]
[Site "Buesum"]
[Date "2016.09.29"]
[Round "4"]
[White "Scholz, Herbert"]
[Black "Kalkmann, Hans"]
[Result "0-1"]
[WhiteElo "1829"]
[BlackElo "1979"]
[PlyCount "74"]
[EventDate "2016.09.26"]
[EventType "swiss"]
[EventRounds "9"]
[EventCountry "GER"]
[SourceTitle "EXT 2019"]
[Source "ChessBase"]
[SourceDate "2018.10.10"]
[SourceVersion "1"]
[SourceVersionDate "2018.10.10"]
[SourceQuality "1"]

1. b3 e5 2. Bb2 Nc6 3. e3 g6 4. f4 Bg7 5. Nf3 f6 6. h4 d6 7. Be2 Qe7 8. c4 Be6 9. Nc3 Bf7 10. a3 0-0-0 11. Nd5 Qd7 12. Nh2 Nce7 13. Nxe7+ Nxe7 14. Qc2 Nf5 15. Bg4 Be6 16. Bxf5 Bxf5 17. e4 Be6 18. fxe5 dxe5 19. 0-0-0 Qd3 20. g4 Qf3 21. d4 Qe3+ 22. Kb1 exd4 23. Rhe1 Qh3 24. Bxd4 Bxg4 25. Rd3 Qxh4 26. Rf1 Be6 27. Bxa7 Rxd3 28. Qxd3 Qxh2 29. Bd4 Qd6 30. c5 Qa6 31. Qxa6 bxa6 32. Kc2 h5 33. c6 h4 34. Bxf6 Rf8 35. e5 Bf5+ 36. Rxf5 gxf5 37. Bxg7 Re8 0-1

[Event "GER-chB Seniors 28th"]
[Site "Niederhausen"]
[Date "2016.08.19"]
[Round "7"]
[White "Klein, Reinhard"]
[Black "Scholz, Herbert"]
[Result "1/2-1/2"]
[WhiteElo "1897"]
[BlackElo "1803"]
[PlyCount "154"]
[EventDate "2016.08.13"]
[EventType "swiss"]
[EventRounds "9"]
[EventCountry "GER"]
[SourceTitle "EXT 2019"]
[Source "ChessBase"]
[SourceDate "2018.10.10"]
[SourceVersion "1"]
[SourceVersionDate "2018.10.10"]
[SourceQuality "1"]

1. d4 d5 2. Nf3 c5 3. e3 cxd4 4. exd4 Nc6 5. Bd3 Qc7 6. c3 Bg4 7. h3 Bxf3 8. Qxf3 Nxd4 9. Qxd5 Rd8 10. Bb5+ Nxb5 11. Qxb5+ Qd7 12. Qxd7+ Rxd7 13. Be3 b6 14. Nd2 Nf6 15. 0-0-0 g6 16. g4 Bg7 17. Nf3 Rxd1+ 18. Rxd1 Nd7 19. Kc2 e5 20. Ng5 Nf6 21. Nf3 Nd7 22. b4 h6 23. a4 Ke7 24. Kb3 Ke6 25. h4 Rc8 26. Nd2 Nf6 27. g5 hxg5 28. Bxg5 Nd5 29. c4 Ne7 30. Ne4 Nf5 31. Be3 f6 32. c5 Rb8 33. b5 Bf8 34. c6 Nd6 35. Nc3 Be7 36. Nd5 Rh8 37. Nc7+ Kf7 38. a5 bxa5 39. Bxa7 Rxh4 40. Bc5 a4+ 41. Ka2 Nxb5 42. Rd7 Nxc7 43. Rxc7 Rc4 44. Rxe7+ Kg8 45. c7 Rxc5 46. Re8+ Kf7 47. c8Q Rxc8 48. Rxc8 Ke6 49. Ra8 Kf5 50. Rxa4 e4 51. Kb2 Kf4 52. Kc2 f5 53. Kd2 Kf3 54. Ke1 g5 55. Ra3+ Kf4 56. Ke2 g4 57. Rg3 Ke5 58. Kd2 Kd4 59. Ke2 Ke5 60. Kd1 Kf4 61. Kd2 Ke5 62. Kc3 Kf4 63. Kd4 Kg5 64. Ke5 f4 65. Rg2 f3 66. Rg1 e3 67. Ke4 e2 68. Ke3 Kf5 69. Kd2 Kf4 70. Ke1 Kg5 71. Rh1 Kf5 72. Rh5+ Ke4 73. Rg5 Kf4 74. Rg8 Kf5 75. Rf8+ Kg5 76. Rg8+ Kf5 77. Rg7 Kf4 1/2-1/2

[Event "GER-chB Seniors 28th"]
[Site "Niederhausen"]
[Date "2016.08.18"]
[Round "6"]
[White "Scholz, Herbert"]
[Black "Schmitthoefer, Herbert"]
[Result "1-0"]
[WhiteElo "1803"]
[BlackElo "1885"]
[PlyCount "51"]
[EventDate "2016.08.13"]
[EventType "swiss"]
[EventRounds "9"]
[EventCountry "GER"]
[SourceTitle "EXT 2019"]
[Source "ChessBase"]
[SourceDate "2018.10.10"]
[SourceVersion "1"]
[SourceVersionDate "2018.10.10"]
[SourceQuality "1"]

1. b3 Nf6 2. Bb2 g6 3. Nc3 Bg7 4. d4 d6 5. f3 0-0 6. Qd2 Nbd7 7. 0-0-0 c5 8. e3 a6 9. g4 b5 10. h4 Bb7 11. Bg2 cxd4 12. exd4 Nb6 13. h5 b4 14. Ne4 Bxe4 15. fxe4 Nxg4 16. hxg6 fxg6 17. Bf3 h5 18. Bxg4 hxg4 19. Qg5 Qe8 20. Qxg4 Rc8 21. Rh2 Qf7 22. Ne2 Qf6 23. Qh3 Kf7 24. Rf1 Qxf1+ 25. Qxf1+ Ke8 26. Qg2 1-0

[Event "GER-chB Seniors 28th"]
[Site "Niederhausen"]
[Date "2016.08.13"]
[Round "1"]
[White "Scholz, Herbert"]
[Black "Dyga, Ryszard Adam"]
[Result "1-0"]
[WhiteElo "1803"]
[BlackElo "1549"]
[PlyCount "67"]
[EventDate "2016.08.13"]
[EventType "swiss"]
[EventRounds "9"]
[EventCountry "GER"]
[SourceTitle "EXT 2019"]
[Source "ChessBase"]
[SourceDate "2018.10.10"]
[SourceVersion "1"]
[SourceVersionDate "2018.10.10"]
[SourceQuality "1"]

1. b3 e5 2. Bb2 Nc6 3. e3 d5 4. Bb5 Bd6 5. f4 Bd7 6. Bxc6 Bxc6 7. fxe5 Be7 8. Nf3 b6 9. 0-0 Bb5 10. d3 Bc5 11. Qe2 Qe7 12. c4 Bc6 13. cxd5 Bxd5 14. Nc3 Be6 15. d4 Ba3 16. d5 Bxb2 17. Qxb2 Bg4 18. Ne4 f5 19. d6 cxd6 20. Nxd6+ Kf8 21. h3 Bxf3 22. Rxf3 g6 23. e4 Nh6 24. Raf1 Qe6 25. exf5 gxf5 26. Nxf5 Nxf5 27. Rxf5+ Ke7 28. Qa3+ Kd7 29. Qa4+ Ke7 30. Qb4+ Kd7 31. Rf7+ Ke8 32. Rf8+ Kd7 33. Qb5+ Kc7 34. R1f7+ 1-0

[Event "Rheinland Pfalz op Seniors 14th"]
[Site "Neustadt an der Weinstrasse"]
[Date "2016.07.23"]
[Round "8"]
[White "Scholz, Herbert"]
[Black "David, Juergen"]
[Result "1-0"]
[WhiteElo "1829"]
[BlackElo "1581"]
[PlyCount "41"]
[EventDate "2016.07.16"]
[EventType "swiss"]
[EventRounds "9"]
[EventCountry "GER"]
[SourceTitle "EXT 2019"]
[Source "ChessBase"]
[SourceDate "2018.10.10"]
[SourceVersion "1"]
[SourceVersionDate "2018.10.10"]
[SourceQuality "1"]

1. b3 e6 2. Bb2 Nf6 3. e3 Be7 4. c4 b6 5. Nf3 Bb7 6. Nc3 a6 7. Be2 d6 8. d4 Nbd7 9. h3 c6 10. Qc2 Rc8 11. Rd1 d5 12. 0-0 b5 13. c5 a5 14. Ne5 h6 15. Nf3 Qc7 16. Ne1 g5 17. f4 b4 18. Nb1 Ne4 19. Bd3 f5 20. Bxe4 fxe4 21. g3 1-0

[Event "Hessen-ch Seniors op 12th"]
[Site "Bad Sooden-Allendorf"]
[Date "2016.05.08"]
[Round "8"]
[White "Krueger, Bernhard"]
[Black "Scholz, Herbert"]
[Result "1/2-1/2"]
[WhiteElo "1743"]
[BlackElo "1845"]
[PlyCount "81"]
[EventDate "2016.04.30"]
[EventType "swiss"]
[EventRounds "9"]
[EventCountry "GER"]
[SourceTitle "EXT 2019"]
[Source "ChessBase"]
[SourceDate "2018.10.10"]
[SourceVersion "1"]
[SourceVersionDate "2018.10.10"]
[SourceQuality "1"]

1. c4 e5 2. Nc3 Nf6 3. g3 Bb4 4. Bg2 0-0 5. a3 Bxc3 6. bxc3 d6 7. d3 Nc6 8. Rb1 Re8 9. Qc2 h6 10. e3 d5 11. cxd5 Nxd5 12. Ne2 Nce7 13. c4 Nb6 14. 0-0 c6 15. a4 Qc7 16. Bb2 Bf5 17. e4 Bg4 18. f3 Be6 19. f4 f6 20. f5 Bf7 21. c5 Nd7 22. d4 b6 23. Rbc1 bxc5 24. dxe5 Nxe5 25. Nf4 c4 26. Bxe5 fxe5 27. Ne6 Qb6+ 28. Kh1 Bxe6 29. fxe6 Rf8 30. Qxc4 Qd4 31. Qe2 Qxa4 32. Rfd1 Qb5 33. Qa2 a5 34. Rd7 Rae8 35. h3 a4 36. Rb1 Qa6 37. Kh2 c5 38. Rbb7 c4 39. Rxe7 Rxe7 40. Rxe7 Qd6 41. Ra7 1/2-1/2

[Event "Hessen-ch Seniors op 12th"]
[Site "Bad Sooden-Allendorf"]
[Date "2016.05.08"]
[Round "9"]
[White "Scholz, Herbert"]
[Black "Bachmann, Rolf"]
[Result "0-1"]
[WhiteElo "1845"]
[BlackElo "1957"]
[PlyCount "78"]
[EventDate "2016.04.30"]
[EventType "swiss"]
[EventRounds "9"]
[EventCountry "GER"]
[SourceTitle "EXT 2019"]
[Source "ChessBase"]
[SourceDate "2018.10.10"]
[SourceVersion "1"]
[SourceVersionDate "2018.10.10"]
[SourceQuality "1"]

1. b3 Nf6 2. Bb2 g6 3. Bxf6 exf6 4. c4 Bg7 5. Nc3 f5 6. Rc1 0-0 7. g3 c6 8. Bg2 d6 9. e3 Re8 10. Nge2 b6 11. 0-0 Bb7 12. b4 Qd7 13. a4 c5 14. Nd5 Nc6 15. bxc5 dxc5 16. Nef4 Rad8 17. h4 Qc8 18. Re1 Rd7 19. Qb3 Na5 20. Qa2 Bc6 21. Kh2 Rb7 22. Kg1 Rd8 23. Kh2 Rd6 24. Kg1 Qd7 25. e4 fxe4 26. Rxe4 f5 27. Rce1 fxe4 28. Rxe4 Qf7 29. d3 Bf6 30. Qe2 Kf8 31. Qg4 Rb8 32. Ne6+ Rxe6 33. Rxe6 Bd7 34. Nxf6 Bxe6 35. Nxh7+ Kg7 36. Qe4 Kxh7 37. h5 Qf5 38. hxg6+ Kxg6 39. Qh4 Kf7 0-1

[Event "Hessen-ch Seniors op 12th"]
[Site "Bad Sooden-Allendorf"]
[Date "2016.05.03"]
[Round "4"]
[White "Busic, Nedjeljko"]
[Black "Scholz, Herbert"]
[Result "1-0"]
[WhiteElo "1989"]
[BlackElo "1845"]
[PlyCount "120"]
[EventDate "2016.04.30"]
[EventType "swiss"]
[EventRounds "9"]
[EventCountry "GER"]
[SourceTitle "EXT 2019"]
[Source "ChessBase"]
[SourceDate "2018.10.10"]
[SourceVersion "1"]
[SourceVersionDate "2018.10.10"]
[SourceQuality "1"]

1. e4 d5 2. exd5 Nf6 3. Bb5+ Nbd7 4. c4 a6 5. Bxd7+ Bxd7 6. Nc3 e6 7. Qb3 exd5 8. cxd5 Bc5 9. Nge2 b5 10. d4 Bd6 11. Bg5 h6 12. Bh4 g5 13. Bg3 Qe7 14. 0-0 0-0 15. Bxd6 Qxd6 16. f4 b4 17. Na4 Bb5 18. Ng3 Qxd5 19. fxg5 Qxd4+ 20. Kh1 Ng4 21. Nf5 Nf2+ 22. Rxf2 Qxf2 23. Nxh6+ Kh8 24. Qxb4 Bf1 25. Qg4 f6 26. Qh3 Bxg2+ 27. Qxg2 fxg5 28. Nc3 Rae8 29. Qxf2 Rxf2 30. Rb1 Rb8 31. Kg1 Rf3 32. Nd5 Kg7 33. Ng4 c6 34. Ne5 Rf5 35. Nxc6 Re8 36. Nde7 Rf7 37. Re1 Rf4 38. Nf5+ Kf8 39. Rxe8+ Kxe8 40. Nfd4 a5 41. b3 Kd7 42. Kg2 Kd6 43. Kg3 Kd5 44. Ne2 Rf6 45. Nxa5 Kc5 46. Nc4 Ra6 47. a3 Re6 48. Kf2 Rh6 49. Kg2 Re6 50. Ng3 Kd4 51. Nd2 g4 52. a4 Kd3 53. Nge4 Rg6 54. a5 Kd4 55. b4 Kd5 56. b5 Rg7 57. a6 Re7 58. Kf2 Rg7 59. b6 Kc6 60. Nc4 Rh7 1-0

[Event "Hessen-ch Seniors op 12th"]
[Site "Bad Sooden-Allendorf"]
[Date "2016.04.30"]
[Round "1"]
[White "Scholz, Herbert"]
[Black "Weyrauch, Erich"]
[Result "0-1"]
[WhiteElo "1845"]
[BlackElo "2116"]
[PlyCount "85"]
[EventDate "2016.04.30"]
[EventType "swiss"]
[EventRounds "9"]
[EventCountry "GER"]
[SourceTitle "EXT 2019"]
[Source "ChessBase"]
[SourceDate "2018.10.10"]
[SourceVersion "1"]
[SourceVersionDate "2018.10.10"]
[SourceQuality "1"]

1. b3 e5 2. Bb2 Nc6 3. e3 Nf6 4. Bb5 d6 5. Ne2 Bd7 6. 0-0 a6 7. Bxc6 Bxc6 8. d4 exd4 9. Nxd4 Bd7 10. c4 Be7 11. Qc2 Qc8 12. e4 0-0 13. Nd2 b5 14. N4f3 Rb8 15. Rfe1 h6 16. a3 Re8 17. e5 Bf5 18. Qc3 dxe5 19. Nxe5 b4 20. Qf3 bxa3 21. Bxa3 Bxa3 22. Rxa3 Ng4 23. Qd5 Nxe5 24. Rxe5 Rd8 25. Rxf5 Rxd5 26. Rxd5 Qe6 27. Nf3 Qe4 28. Re5 Qc2 29. Rxa6 Qxb3 30. c5 Qc4 31. Ra1 f6 32. Re7 Qxc5 33. Rae1 Rb2 34. Re8+ Kf7 35. R8e2 Rxe2 36. Rxe2 Qb4 37. Ne1 c5 38. Kf1 c4 39. f3 h5 40. g3 g5 41. h3 Qd6 42. Kg2 h4 43. f4 0-1

[Event "Rheinland Pfalz op Seniors 13th"]
[Site "Neustadt an der Weinstrasse"]
[Date "2015.07.13"]
[Round "4"]
[White "Scholz, Herbert"]
[Black "Scheffler, Juergen"]
[Result "1-0"]
[WhiteElo "1819"]
[BlackElo "1517"]
[PlyCount "57"]
[EventDate "2015.07.10"]
[EventType "swiss"]
[EventRounds "7"]
[EventCountry "GER"]
[SourceTitle "EXT 2019"]
[Source "ChessBase"]
[SourceDate "2018.10.10"]
[SourceVersion "1"]
[SourceVersionDate "2018.10.10"]
[SourceQuality "1"]

1. b3 e5 2. Bb2 Nc6 3. e3 Bc5 4. Qg4 Qf6 5. Nc3 d6 6. Qg3 Qg6 7. 0-0-0 Bd7 8. Bc4 Nge7 9. Nge2 a6 10. d4 exd4 11. exd4 Ba7 12. Rhe1 f6 13. Nd5 0-0-0 14. Nef4 Qxg3 15. hxg3 Nxd5 16. Bxd5 Nb4 17. Kb1 Nxd5 18. Nxd5 Rhe8 19. Ne7+ Kb8 20. f3 g5 21. g4 Bc8 22. d5 Rf8 23. Rh1 Rf7 24. Nf5 Bxf5 25. gxf5 Re8 26. Rde1 Be3 27. g4 Rfe7 28. Bxf6 Rf7 29. Bxg5 1-0